Nákladovosť v predvýrobnej etape predvýrobné etapy výrazne vplývajú na celkovú výšku nákladov na konkrétny výrobok

Princípy fungovania výrobného podniku. Hnacím motorom podnikového diania je otázka nákladovosti a ziskovosti. Pôsobenie nákladovej štruktúry. POložky, ktoré majú zásadný vplyv na nákladovú štruktúru. Otázky fixnýxh nákladov. Znižovanie fixnýxch nákladov: 1. Hmotný investičný majetok. 2. Pomocné a ob...

Descrizione completa

Salvato in:
Dettagli Bibliografici
Autore principale: Chromjaková, Felicita
Natura: Capitolo di libro
Lingua:slovacco
Soggetti:
Tags: Aggiungi Tag
Nessun Tag, puoi essere il primo ad aggiungerne!!

MARC

LEADER 00000naa a2200000 4500
001 r042974
005 20231002121110.3
041 0 |a slo 
044 |a SK 
245 1 0 |a Nákladovosť v predvýrobnej etape  |b predvýrobné etapy výrazne vplývajú na celkovú výšku nákladov na konkrétny výrobok  |c Felicita Chromjaková 
520 |a Princípy fungovania výrobného podniku. Hnacím motorom podnikového diania je otázka nákladovosti a ziskovosti. Pôsobenie nákladovej štruktúry. POložky, ktoré majú zásadný vplyv na nákladovú štruktúru. Otázky fixnýxh nákladov. Znižovanie fixnýxch nákladov: 1. Hmotný investičný majetok. 2. Pomocné a obslužné prevádzky. plyvy priamo pôsobiace na vo vzťahu k výnosom. 1. Vplyv inflácie. 2. Vplyv recesie. 
610 2 0 |a podnik výrobný 
610 2 0 |a rentabilita výroby 
610 2 0 |a náklady 
610 2 0 |a náklady fixné 
610 2 0 |a proces výrobný 
610 2 0 |a technológia výroby 
610 2 0 |a príprava výroby 
610 2 0 |a hospodárenie podnikové 
610 2 0 |a nákladovosť produkcie 
100 1 |a Chromjaková, Felicita